Normal view
MARC view
Entry Personal Name
001 - CONTROL NUMBER
- control field: 17120
003 - CONTROL NUMBER IDENTIFIER
- control field: ARRUPE
005 - DATE AND TIME OF LATEST TRANSACTION
- control field: 20150414170442.0
008 - FIXED-LENGTH DATA ELEMENTS
- fixed length control field: 150414|| aca||aabn | a|a d
040 ## - CATALOGING SOURCE
- Original cataloging agency: ARRUPE
- Transcribing agency: ARRUPE
100 ## - HEADING--PERSONAL NAME
- Personal name: Thomasma, David C.,
- Dates associated with a name: 1939-
- Relator term: joint author.
670 ## - SOURCE DATA FOUND
- Source citation: Work cat.: (ARRUPE)0: Pellegrino, Edmund D., 1920- 17117, A philosophical basis of medical practice :, 1981.